000
00258nam a2200109Ia 4500
082
_a
617.41
_b
S 08 G
100
_a
GIRI, RAJNASH V.
245
_a
SYNOPSIS OF ASTANGA HRIDAYA
260
_b
CHAUKHAMBHA PUB. NEW DELHI
_c
2008
300
_a
174
942
_2
ddc
_c
BK
_0
21
999
_c
7699
_d
7699